[Event "Championnat de la Loire Open"]
[Site "Loire"]
[Date "2004.03.06"]
[Round "3.15"]
[White "Brachet, Gerard"]
[Black "Oriol, Nicolas"]
[Result "1-0"]
[WhiteElo "1350"]
[BlackElo "1090"]
[PlyCount "83"]

1. e4 e5 2. Nf3 Nc6 3. Bc4 Bc5 4. d3 Nf6 5. Bg5 Nxe4 6. Bxd8 Bxf2+ 7. Ke2 Nd4+
8. Nxd4 Bxd4 9. c3 Nf2 10. Qf1 O-O 11. Be7 Re8 12. Bh4 Bc5 13. Bxf2 Bxf2 14.
Qxf2 Rf8 15. Rf1 d6 16. Bxf7+ Kh8 17. Qh4 Bd7 18. Bg6 Bg4+ 19. Qxg4 Rxf1 20.
Kxf1 Rf8+ 21. Kg1 hxg6 22. Qxg6 Rf6 23. Qg5 e4 24. dxe4 Kg8 25. Nd2 Rh6 26. Rf1
Kh7 27. Rf7 Rg6 28. Qh5+ Rh6 29. Qxh6+ Kxh6 30. Rxc7 g5 31. g4 d5 32. Rxb7 a5
33. Rb5 dxe4 34. Nxe4 a4 35. Nxg5 a3 36. bxa3 Kg6 37. h4 Kh6 38. Rb6+ Kg7 39.
h5 Kh8 40. Rb7 Kg8 41. h6 Kh8 42. Rb8# 1-0

[Event "Championnat de la Loire Open"]
[Site "Loire"]
[Date "2004.03.06"]
[Round "3.16"]
[White "Montroussier, Jacques"]
[Black "Vaughan, Luiz"]
[Result "1-0"]
[WhiteElo "1520"]
[BlackElo "1499"]
[PlyCount "57"]

1. e4 e5 2. Nf3 d6 3. Bc4 c6 4. O-O Ne7 5. Nc3 Bg4 6. Nxe5 dxe5 7. Qxg4 Ng6 8.
d3 Bc5 9. Qe2 O-O 10. Be3 Be7 11. Rad1 b5 12. Bb3 Nf4 13. Bxf4 exf4 14. Qg4 Bd6
15. d4 g5 16. e5 a5 17. a3 Be7 18. Ne4 Kh8 19. Qf5 Na6 20. c3 Nc7 21. Nf6 Bxf6
22. exf6 Nd5 23. Qxg5 Rg8 24. Qf5 h6 25. Bxd5 Rg5 26. Qxf4 Qxd5 27. f3 Rag8 28.
Rf2 Qb3 29. Re1 1-0

[Event "Championnat de la Loire Open"]
[Site "Loire"]
[Date "2004.03.06"]
[Round "3.17"]
[White "Borron, Herve"]
[Black "Bonnet, Mickael"]
[Result "1-0"]
[WhiteElo "1190"]
[BlackElo "1299"]
[PlyCount "45"]

1. c4 e5 2. Nc3 Nf6 3. Nf3 d6 4. e3 Bg4 5. h3 Bxf3 6. Qxf3 c6 7. b4 d5 8. cxd5
Nxd5 9. Bc4 Bxb4 10. Nxd5 cxd5 11. Bxd5 Qd7 12. Bxb7 O-O 13. Bxa8 Qc7 14. Be4
Bc3 15. Rb1 Qc4 16. dxc3 Rd8 17. Bd2 Nc6 18. Bxc6 Qd3 19. Rd1 g6 20. e4 Qc4 21.
Bd5 Qb5 22. Qxf7+ Kh8 23. Qf6# 1-0

[Event "Championnat de la Loire Open"]
[Site "Loire"]
[Date "2004.03.06"]
[Round "3.18"]
[White "Bonnevialle, Benjamin"]
[Black "Chabas, Jean-Luc"]
[Result "0-1"]
[WhiteElo "1299"]
[BlackElo "1580"]
[PlyCount "124"]

1. d4 d5 2. Nf3 Nf6 3. Nc3 e6 4. g3 c5 5. b3 b6 6. Bg2 Bb7 7. Bg5 Nbd7 8. O-O
Be7 9. a4 O-O 10. Qd2 a6 11. a5 h6 12. Bxf6 Nxf6 13. Na4 b5 14. Nxc5 Qc7 15.
Nxb7 Qxb7 16. Rac1 Rac8 17. Qd3 Rc7 18. c4 bxc4 19. bxc4 dxc4 20. Rxc4 Rxc4 21.
Qxc4 Rc8 22. Qd3 Qa7 23. h3 Rb8 24. Ne5 Rb5 25. Nc6 Qd7 26. Ne5 Qc7 27. Rb1
Rxb1+ 28. Qxb1 Qxa5 29. Nc6 Qa3 30. Qb8+ Kh7 31. Qb7 Bd6 32. Qxf7 Qa2 33. Ne7
Bxe7 34. Qxe7 Qxe2 35. g4 a5 36. d5 Nxd5 37. Bxd5 Qd1+ 38. Kh2 Qxd5 39. Qa7 Qa2
40. h4 a4 41. Kg3 Qb3+ 42. Kf4 a3 43. g5 a2 44. Qd4 Qb1 45. h5 hxg5+ 46. Kxg5
a1=Q 47. Qxa1 Qxa1 48. f4 Qf6+ 49. Kg4 g6 50. hxg6+ Kxg6 51. Kf3 e5 52. f5+
Qxf5+ 53. Ke3 Qf4+ 54. Kd3 Qd4+ 55. Ke2 Qc3 56. Kf2 Kf5 57. Kg2 Kg4 58. Kf2 Kf4
59. Kg2 Qd3 60. Kf2 Qd2+ 61. Kf1 Kg3 62. Kg1 Qg2# 0-1

[Event "Championnat de la Loire Open"]
[Site "Loire"]
[Date "2004.03.06"]
[Round "3.19"]
[White "Veyrat, Gerard"]
[Black "Rogues, Jean-Luc"]
[Result "0-1"]
[WhiteElo "1210"]
[BlackElo "1500"]
[PlyCount "98"]

1. d4 d5 2. c4 c6 3. Nc3 Nf6 4. e3 Bf5 5. Nf3 e6 6. c5 Be7 7. Be2 O-O 8. Nh4
Ne4 9. Nxf5 Nxc3 10. bxc3 exf5 11. Bd3 g6 12. Qf3 Nd7 13. Qg3 Nf6 14. Bxf5 Nh5
15. Qg4 Ng7 16. Bd3 f5 17. Qh3 b6 18. Ba3 a6 19. c4 b5 20. cxd5 Qa5+ 21. Ke2
Qxa3 22. d6 Qb2+ 23. Kf3 Bf6 24. g3 Ne6 25. Kg2 Qc3 26. Rhd1 Ng5 27. Qh4 b4 28.
Rac1 Qb2 29. Rc2 Qa3 30. Bc4+ Kg7 31. f4 Ne4 32. Qh3 Qxe3 33. Re2 Qc3 34. Bd3
Bxd4 35. Bxe4 Qxc5 36. Red2 Be3 37. Rc2 Qb6 38. Rxc6 Qb7 39. Bd5 Rac8 40. Rxc8
Qxc8 41. Bf3 Qc2+ 42. Kh1 Qxa2 43. Qf1 Qa3 44. Rd3 Qc1 45. Bd1 Bb6 46. Qe2 a5
47. Qe7+ Rf7 48. Qe6 Qc5 49. d7 Qg1# 0-1

[Event "Championnat de la Loire Open"]
[Site "Loire"]
[Date "2004.03.06"]
[Round "4.1"]
[White "Roche, Marius"]
[Black "Valet, Godeffroy"]
[Result "0-1"]
[WhiteElo "1700"]
[BlackElo "1960"]
[PlyCount "66"]

1. d4 e6 2. Nf3 Nf6 3. Bf4 c5 4. c3 Nc6 5. e3 cxd4 6. exd4 d5 7. Bd3 Bd6 8. Bg5
O-O 9. O-O Be7 10. Re1 Nd7 11. Qd2 f6 12. Bf4 Nb6 13. Qc2 h6 14. Bg6 Bd6 15.
Bg3 Bxg3 16. hxg3 Qc7 17. Nbd2 e5 18. Qd1 Bg4 19. Qc1 e4 20. Nh4 Qd6 21. Nf1
Ne7 22. Ne3 f5 23. Nxg4 fxg4 24. Bh5 Qf6 25. Qf4 Qxf4 26. gxf4 Rxf4 27. Ng6
Nxg6 28. Bxg6 Raf8 29. f3 gxf3 30. Rf1 Rg4 31. Bh5 Rxg2+ 32. Kh1 Rf4 33. Rxf3
exf3 0-1

[Event "Championnat de la Loire Open"]
[Site "Loire"]
[Date "2004.03.06"]
[Round "4.2"]
[White "Farge, Damien"]
[Black "Gaillard, Pierre"]
[Result "1/2-1/2"]
[WhiteElo "1600"]
[BlackElo "1690"]
[PlyCount "60"]

1. e4 e6 2. d4 d5 3. exd5 exd5 4. Nc3 Nf6 5. Bf4 Bd6 6. Bxd6 Qxd6 7. Qe2+ Qe7
8. Qxe7+ Kxe7 9. O-O-O Re8 10. Re1+ Kd8 11. Rxe8+ Kxe8 12. Bd3 Nc6 13. Nf3 h6
14. Bb5 Bd7 15. Re1+ Kf8 16. h3 Re8 17. Ne5 Nxe5 18. dxe5 Bxb5 19. Nxb5 Re7 20.
Nxa7 Nd7 21. f4 Nc5 22. Rd1 c6 23. Nc8 Re8 24. Nd6 Ra8 25. a3 Ke7 26. Nf5+ Kf8
27. h4 Ne4 28. Rd4 h5 29. c3 g6 30. Nd6 Nxd6 1/2-1/2

[Event "Championnat de la Loire Open"]
[Site "Loire"]
[Date "2004.03.06"]
[Round "4.3"]
[White "Desassis, Gregoire"]
[Black "Vier, Serge"]
[Result "0-1"]
[WhiteElo "1660"]
[BlackElo "1730"]
[PlyCount "82"]

1. d4 d5 2. c4 e6 3. Nc3 Nf6 4. Bg5 Nbd7 5. e4 dxe4 6. Nxe4 Be7 7. Bd3 O-O 8.
Nxf6+ Nxf6 9. Nf3 h6 10. Bh4 Bb4+ 11. Nd2 Qxd4 12. Bxf6 Qxf6 13. Qb3 Bxd2+ 14.
Kxd2 Qxf2+ 15. Be2 Rd8+ 16. Kc3 Qxe2 17. Rad1 Qe3+ 18. Kc2 Qxb3+ 19. Kxb3 Bd7
20. Kc3 Bc6 21. Rxd8+ Rxd8 22. Rg1 Kf8 23. b4 Ba4 24. b5 Rd1 25. Rxd1 Bxd1 26.
Kb4 Ke7 27. a4 Kd7 28. c5 Bxa4 29. Kxa4 e5 30. Kb4 f5 31. Kc4 Ke6 32. c6 bxc6
33. bxc6 Kd6 34. Kb5 e4 35. g4 f4 36. Kc4 Ke5 37. Kb5 f3 38. Ka6 f2 39. Kb7 Kd6
40. Kxa7 f1=Q 41. Kb7 Qc4 0-1

[Event "Championnat de la Loire Open"]
[Site "Loire"]
[Date "2004.03.06"]
[Round "4.4"]
[White "Doran, Niall"]
[Black "Desassis, Jean-Francois"]
[Result "1-0"]
[WhiteElo "1640"]
[BlackElo "1320"]
[PlyCount "77"]

1. e4 e5 2. Nf3 Nc6 3. Bb5 Nf6 4. O-O d6 5. Re1 Bg4 6. c3 Be7 7. d4 exd4 8.
cxd4 O-O 9. Bxc6 bxc6 10. Nbd2 Qd7 11. Nf1 h6 12. e5 Nh7 13. h3 Bh5 14. Ng3
Bxf3 15. Qxf3 dxe5 16. dxe5 Ng5 17. Qc3 f6 18. Bxg5 fxg5 19. e6 Qd6 20. Rad1
Qf4 21. Re2 g4 22. Nh5 Qg5 23. Re5 Bf6 24. Nxf6+ Qxf6 25. Qc5 gxh3 26. gxh3
Rab8 27. b3 Rb5 28. Qxf8+ Qxf8 29. e7 Rxe5 30. exf8=Q+ Kxf8 31. Rd7 Re7 32. Rd4
c5 33. Rd5 Re1+ 34. Kg2 Rc1 35. Rd7 c4 36. Rxc7 c3 37. Rxa7 Ra1 38. Rc7 Rxa2
39. Rxc3 1-0

[Event "Championnat de la Loire Open"]
[Site "Loire"]
[Date "2004.03.06"]
[Round "4.6"]
[White "Simon, Joel"]
[Black "Brachet, Gerard"]
[Result "1-0"]
[WhiteElo "1620"]
[BlackElo "1350"]
[PlyCount "73"]

1. d4 d5 2. e4 e6 3. Nc3 Bb4 4. Qg4 Bxc3+ 5. bxc3 g6 6. e5 f6 7. f4 Nh6 8. Qh4
Nf5 9. Qh3 h5 10. Bd3 Nc6 11. Nf3 fxe5 12. fxe5 Bd7 13. O-O Qe7 14. g4 Nfxd4
15. Bxg6+ Kd8 16. cxd4 Qg7 17. Qh4+ Ne7 18. Bxh5 Be8 19. Qf6 Rg8 20. Qxg7 Rxg7
21. Bg5 Bxh5 22. gxh5 Kd7 23. h6 Rg6 24. h4 Nf5 25. h5 Rxg5+ 26. Nxg5 Rg8 27.
Kh2 Rxg5 28. Rf3 Nxh6 29. Rh3 Ng4+ 30. Kg3 Nf6+ 31. Kf3 Nxh5 32. Rah1 Rf5+ 33.
Ke3 Nf4 34. Rh7+ Kc6 35. Rg7 Rh5 36. Rxh5 Nxh5 37. Rg5 1-0

[Event "Championnat de la Loire Open"]
[Site "Loire"]
[Date "2004.03.06"]
[Round "4.7"]
[White "Desassis, Maxence"]
[Black "Pareux, Marc"]
[Result "0-1"]
[WhiteElo "1430"]
[BlackElo "1540"]
[PlyCount "112"]

1. e4 g6 2. d4 Bg7 3. Nc3 c6 4. Nf3 d5 5. e5 Bg4 6. Be2 Nd7 7. O-O e6 8. Ng5
Bxe2 9. Qxe2 Ne7 10. Na4 Nf5 11. c4 Nxd4 12. Qd1 Nf5 13. cxd5 cxd5 14. Bf4 O-O
15. Rc1 Rc8 16. Rxc8 Qxc8 17. Qc1 b6 18. Qxc8 Rxc8 19. Re1 Rc4 20. Nc3 Rxf4 21.
g3 Rc4 22. Nb5 Bxe5 23. Nxa7 h6 24. Nf3 Bxb2 25. Nb5 Rc1 26. Rxc1 Bxc1 27. Kf1
Kg7 28. Ke2 Kf6 29. h4 Ne5 30. Nxe5 Kxe5 31. Kd3 Bb2 32. a4 Bd4 33. f4+ Kf6 34.
Nxd4 Nxd4 35. Kxd4 Ke7 36. g4 f6 37. g5 hxg5 38. hxg5 fxg5 39. fxg5 Kd6 40. Kc3
Kc5 41. Kb3 e5 42. Kc3 e4 43. Kd2 Kd4 44. Ke2 e3 45. Kd1 Kd3 46. Ke1 e2 47. Kf2
Kd2 48. Kf3 e1=Q 49. Kf4 Qe3+ 50. Kg4 Ke2 51. Kh4 d4 52. Kg4 d3 53. Kh4 d2 54.
Kg4 d1=Q 55. Kh4 Qh1+ 56. Kg4 Qef3# 0-1

[Event "Championnat de la Loire Open"]
[Site "Loire"]
[Date "2004.03.06"]
[Round "4.8"]
[White "Gidon, Rene"]
[Black "Goudet, Maxence"]
[Result "1-0"]
[WhiteElo "1530"]
[BlackElo "1090"]
[PlyCount "41"]

1. e4 e6 2. d4 d5 3. Nc3 c6 4. Nf3 g6 5. e5 Bg7 6. Bd3 Ne7 7. Bg5 O-O 8. Qd2 f6
9. Bh6 fxe5 10. dxe5 Nf5 11. Bxg7 Kxg7 12. O-O-O Nd7 13. Rde1 b5 14. h4 a5 15.
h5 Ne7 16. hxg6 hxg6 17. Qh6+ Kf7 18. Ng5+ Ke8 19. Bxg6+ Nxg6 20. Qxg6+ Rf7 21.
Qxf7# 1-0

[Event "Championnat de la Loire Open"]
[Site "Loire"]
[Date "2004.03.06"]
[Round "4.9"]
[White "Conesa, Antoine"]
[Black "Volay, Pascal"]
[Result "0-1"]
[WhiteElo "1320"]
[BlackElo "1499"]
[PlyCount "112"]

1. e4 e5 2. Nf3 Nc6 3. d4 exd4 4. Nxd4 Nf6 5. Bg5 Be7 6. Nxc6 bxc6 7. Bd3 d6 8.
O-O h6 9. Bh4 Rb8 10. b3 Bb7 11. Nd2 c5 12. a4 O-O 13. Qf3 Nh7 14. Bxe7 Qxe7
15. Qe3 Qg5 16. f4 Qe7 17. c4 Nf6 18. Rae1 Rfe8 19. h3 Qd7 20. Qg3 Nh5 21. Qf3
Nf6 22. Qd1 Re7 23. Re3 Rbe8 24. Rfe1 g6 25. Nf3 Bxe4 26. Bxe4 Nxe4 27. Qe2 Ng3
28. Qf2 Rxe3 29. Rxe3 Rxe3 30. Qxe3 Qe6 31. Qxe6 fxe6 32. Kf2 Nf5 33. g4 Nd4
34. Nxd4 cxd4 35. Kf3 c5 36. Ke4 Kf7 37. h4 Kf6 38. g5+ hxg5 39. hxg5+ Kf7 40.
Kd3 e5 41. fxe5 dxe5 42. Ke4 Ke6 43. a5 a6 44. b4 cxb4 45. c5 b3 46. Kd3 b2 47.
Kc2 b1=Q+ 48. Kxb1 Kd5 49. c6 Kxc6 50. Kc2 e4 51. Kd2 Kc5 52. Ke2 Kc4 53. Kd2
e3+ 54. Ke2 Kc3 55. Kd1 d3 56. Kc1 e2 0-1

[Event "Championnat de la Loire Open"]
[Site "Loire"]
[Date "2004.03.06"]
[Round "4.10"]
[White "Campoy, Jean"]
[Black "Gerey, Jean-Pierre"]
[Result "0-1"]
[WhiteElo "1440"]
[BlackElo "1330"]
[PlyCount "78"]

1. e4 e5 2. Nf3 Nc6 3. d3 Nf6 4. c4 g6 5. Nc3 d6 6. Be2 Be6 7. O-O Bg7 8. Bg5
O-O 9. h3 a6 10. Nh2 Nd4 11. Bg4 Bxg4 12. Nxg4 Ne6 13. Nxf6+ Bxf6 14. Bxf6 Qxf6
15. Nd5 Qd8 16. b4 c6 17. Nc3 Nd4 18. Ne2 Qb6 19. a3 a5 20. Nxd4 Qxd4 21. bxa5
Rxa5 22. Qb3 Rb8 23. a4 b6 24. Qd1 Rba8 25. Kh2 b5 26. cxb5 cxb5 27. Qb3 Rxa4
28. Rxa4 Qxa4 29. Qd5 Qa6 30. Rc1 b4 31. Rc6 Qa5 32. Qxd6 b3 33. Rb6 Qc3 34.
Qb4 Qxd3 35. Qxb3 Qxe4 36. Rb7 Qf4+ 37. Kg1 Ra1+ 38. Qb1 Rxb1+ 39. Rxb1 Kg7 0-1

[Event "Championnat de la Loire Open"]
[Site "Loire"]
[Date "2004.03.06"]
[Round "4.11"]
[White "Borron, Herve"]
[Black "Montroussier, Jacques"]
[Result "1-0"]
[WhiteElo "1190"]
[BlackElo "1520"]
[PlyCount "53"]

1. c4 Nf6 2. d4 g6 3. Nc3 Bg7 4. e4 d6 5. Nf3 O-O 6. Bg5 Nbd7 7. Be2 c5 8. d5
a6 9. Qd2 Qa5 10. O-O h6 11. Bxh6 Nxe4 12. Qe3 Nxc3 13. bxc3 Qd8 14. Bxg7 Kxg7
15. Ng5 Nf6 16. Qg3 Rh8 17. Bd3 Qa5 18. Bc2 b5 19. cxb5 axb5 20. Rfd1 Rh6 21.
f4 Nh5 22. Qe3 Qc7 23. Rf1 Nf6 24. f5 Ng4 25. Qg3 Ne5 26. fxg6 e6 27. gxf7 1-0

[Event "Championnat de la Loire Open"]
[Site "Loire"]
[Date "2004.03.06"]
[Round "4.12"]
[White "Chabas, Jean-Luc"]
[Black "Carrot, Axel"]
[Result "0-1"]
[WhiteElo "1580"]
[BlackElo "1350"]
[PlyCount "80"]

1. e4 e5 2. Nf3 Nc6 3. Bb5 Nge7 4. d4 exd4 5. Nxd4 Nxd4 6. Qxd4 Nc6 7. Qc3 Bb4
8. Bd2 Bxc3 9. Bxc3 d6 10. h3 Bd7 11. O-O a6 12. Ba4 b5 13. Bb3 f6 14. Nd2 b4
15. Bxb4 Nxb4 16. c3 Nd3 17. Rab1 Qe7 18. Bc2 Bb5 19. c4 Nb4 20. Bb3 Bc6 21.
Rfe1 Kd7 22. a3 Nd3 23. Re2 Nc5 24. Bc2 Qf7 25. b3 Rhe8 26. f3 f5 27. Rf1 g5
28. Rfe1 fxe4 29. fxe4 h5 30. Re3 g4 31. hxg4 hxg4 32. Nf1 Qg6 33. R3e2 Bxe4
34. Bxe4 Nxe4 35. Re3 g3 36. R3e2 Qh7 37. Rc1 Nf2 38. Rxf2 gxf2+ 39. Kxf2 Qf7+
40. Kg1 Re2 0-1

[Event "Championnat de la Loire Open"]
[Site "Loire"]
[Date "2004.03.06"]
[Round "4.13"]
[White "Rogues, Jean-Luc"]
[Black "Bruyas, Benjamin"]
[Result "1/2-1/2"]
[WhiteElo "1500"]
[BlackElo "1310"]
[PlyCount "83"]

1. e4 e6 2. d4 d5 3. Bd3 c5 4. Nf3 cxd4 5. Nxd4 Bc5 6. c3 Nc6 7. Nxc6 bxc6 8.
b4 Bb6 9. O-O e5 10. a4 Nf6 11. Bg5 h6 12. Bxf6 Qxf6 13. a5 Bc7 14. Nd2 O-O 15.
Qb3 Be6 16. c4 d4 17. b5 Rfb8 18. Qa4 cxb5 19. cxb5 Bd7 20. Rab1 a6 21. f3 axb5
22. Bxb5 Bxb5 23. Rxb5 Qd8 24. Nc4 f6 25. Ra1 Ra6 26. Qb4 d3 27. Kf1 Qd4 28.
Rxb8+ Bxb8 29. Qxb8+ Kh7 30. Rc1 d2 31. Nxd2 Qxd2 32. Qc7 Rxa5 33. Qc3 Ra2 34.
Qxd2 Rxd2 35. Rc3 h5 36. h3 g5 37. Rc6 Kg6 38. Rc3 Rd4 39. Re3 g4 40. Kf2 gxh3
41. gxh3 Kg5 42. Re2 1/2-1/2

[Event "Championnat de la Loire Open"]
[Site "Loire"]
[Date "2004.03.06"]
[Round "4.14"]
[White "Trottet, Francois"]
[Black "Mialon, Franck"]
[Result "1-0"]
[WhiteElo "1500"]
[BlackElo "1290"]
[PlyCount "45"]

1. e4 e5 2. Nf3 Nc6 3. Bb5 a6 4. Ba4 Bc5 5. O-O Nf6 6. Qe2 O-O 7. Bxc6 bxc6 8.
Nc3 a5 9. Nxe5 d6 10. Nf3 Re8 11. d3 d5 12. Bg5 Qd6 13. e5 Qd7 14. Bxf6 gxf6
15. d4 Ba6 16. Qd2 Bxf1 17. Rxf1 Ba7 18. exf6 Qg4 19. h3 Qh5 20. Ne2 Kh8 21.
Ne5 Rg8 22. Ng3 Qg5 23. Nxf7# 1-0

[Event "Championnat de la Loire Open"]
[Site "Loire"]
[Date "2004.03.06"]
[Round "4.15"]
[White "Gregoire, Michele"]
[Black "Gerey, Bernard"]
[Result "0-1"]
[WhiteElo "1499"]
[BlackElo "1210"]
[PlyCount "90"]

1. d4 d5 2. Nf3 e6 3. Nc3 Nf6 4. Bg5 Be7 5. Bxf6 Bxf6 6. e4 O-O 7. e5 Be7 8. a3
c5 9. Be2 Qb6 10. b3 Nc6 11. O-O cxd4 12. Na4 Qc7 13. b4 b6 14. Re1 Bd7 15. b5
Nxe5 16. Nxe5 Qxe5 17. Bf3 Qf6 18. Rb1 Bxa3 19. Rb3 Bd6 20. Qd3 Qh6 21. g3 Qf6
22. Bg2 Rfe8 23. c3 dxc3 24. Nxc3 d4 25. Ne4 Qe5 26. Nxd6 Qxe1+ 27. Qf1 Qxf1+
28. Kxf1 Red8 29. Bxa8 Rxa8 30. h4 e5 31. f3 f6 32. g4 Kf8 33. Kf2 g6 34. Ne4
Kf7 35. Kg3 f5 36. gxf5 gxf5 37. Ng5+ Kg6 38. Rb1 h6 39. Nh3 f4+ 40. Nxf4+
exf4+ 41. Kxf4 Rf8+ 42. Kg3 d3 43. Kf2 Rf4 44. Ke3 Rxh4 45. Kxd3 Bf5+ 0-1

[Event "Championnat de la Loire Open"]
[Site "Loire"]
[Date "2004.03.06"]
[Round "4.16"]
[White "Oriol, Nicolas"]
[Black "Gregoire, Patrick"]
[Result "0-1"]
[WhiteElo "1090"]
[BlackElo "1499"]
[PlyCount "68"]

1. e4 e5 2. Nf3 Nc6 3. Bc4 Be7 4. c3 d6 5. d4 Bg4 6. O-O Bxf3 7. Qxf3 Nf6 8.
Bg5 exd4 9. cxd4 Nxd4 10. Qf4 Nc2 11. Bxf6 Bxf6 12. Bb5+ c6 13. Bc4 Nxa1 14.
Re1 O-O 15. Nd2 Bxb2 16. Nf3 Bc3 17. Rf1 d5 18. Bd3 f6 19. exd5 Qxd5 20. Nd4
Bxd4 21. Qh4 h6 22. Bg6 Rad8 23. Be4 Qxa2 24. Qh5 Nb3 25. Qg6 f5 26. Bxf5 Bxf2+
27. Kh1 Rxf5 28. Qe6+ Kh7 29. Qxf5+ Kh8 30. Rxf2 Qa1+ 31. Rf1 Qf6 32. Qxf6 gxf6
33. Rxf6 Rd1+ 34. Rf1 Rxf1# 0-1

[Event "Championnat de la Loire Open"]
[Site "Loire"]
[Date "2004.03.06"]
[Round "4.17"]
[White "Langlade, Remi"]
[Black "Megnot, Philippe"]
[Result "0-1"]
[WhiteElo "1410"]
[BlackElo "1150"]
[PlyCount "78"]

1. e4 d5 2. Nc3 d4 3. Nd5 e5 4. a3 c6 5. Nb4 Nf6 6. d3 Bg4 7. f3 Be6 8. c3 c5
9. Nc2 Qa5 10. Bd2 Qb6 11. b4 Bb3 12. c4 Bxc2 13. Qxc2 Nbd7 14. b5 Be7 15. f4
O-O 16. fxe5 Nxe5 17. Nf3 Qc7 18. Bf4 Nxf3+ 19. gxf3 Qxf4 20. Qg2 Nd7 21. Rg1
g6 22. Qh3 Nb6 23. Rg4 Qe3+ 24. Be2 Na4 25. Rg2 Rad8 26. Qg4 Nc3 27. f4 Nxe2
28. Rxe2 Qxd3 29. f5 Qc3+ 30. Kf2 Qxa1 31. fxg6 fxg6+ 32. Kg2 Qf1+ 33. Kg3 Rf7
34. e5 Rdf8 35. h3 Rf3+ 36. Kh2 Qxe2+ 37. Kh1 Rf1+ 38. Qg1 Rxg1+ 39. Kxg1 Rf1#
0-1

[Event "Championnat de la Loire Open"]
[Site "Loire"]
[Date "2004.03.06"]
[Round "4.18"]
[White "Vaughan, Luiz"]
[Black "Bonnet, Mickael"]
[Result "1-0"]
[WhiteElo "1499"]
[BlackElo "1299"]
[PlyCount "122"]

1. d4 d5 2. e3 Nc6 3. c4 Bf5 4. Bd2 e6 5. c5 Qd7 6. h4 e5 7. Bb5 a6 8. Ba4 Qe6
9. Nf3 Bg4 10. dxe5 Bxf3 11. Qxf3 Qxe5 12. Bc3 Qe4 13. Qg3 Qxa4 14. Bxg7 Bxg7
15. Qxg7 Qb4+ 16. Nd2 O-O-O 17. Qxh8 Qxc5 18. O-O d4 19. Nb3 Qb4 20. Rad1 dxe3
21. Rxd8+ Nxd8 22. fxe3 Qe7 23. Qxg8 Qxe3+ 24. Rf2 Qe1+ 25. Rf1 Qe3+ 26. Kh2
Qe5+ 27. Qg3 Qe7 28. Nd2 Nc6 29. Nf3 f6 30. Qg8+ Nd8 31. Re1 Qd6+ 32. Kh3 Qd7+
33. Kh2 Qd6+ 34. Kh1 b5 35. Qxh7 Nc6 36. Qf5+ Kb7 37. a3 Ne7 38. Qe4+ Nc6 39.
h5 Kb6 40. b4 a5 41. Qe3+ Kb7 42. h6 Qd5 43. Qc5 Qxc5 44. bxc5 Ne7 45. Rxe7 b4
46. axb4 axb4 47. h7 b3 48. h8=Q b2 49. Qxf6 b1=Q+ 50. Kh2 Qb4 51. Re8 Qxc5 52.
Qb2+ Kc6 53. Ne5+ Kd5 54. Rd8+ Ke6 55. Re8+ Kf5 56. Qb1+ Kg5 57. Qg6+ Kf4 58.
g3+ Ke3 59. Nd7+ Kf2 60. Nxc5 Kf3 61. Qf6+ Kg4 1-0

[Event "Championnat de la Loire Open"]
[Site "Loire"]
[Date "2004.03.06"]
[Round "4.19"]
[White "Veyrat, Gerard"]
[Black "Bonnevialle, Benjamin"]
[Result "0-1"]
[WhiteElo "1210"]
[BlackElo "1299"]
[PlyCount "72"]

1. d4 d5 2. c4 dxc4 3. Nc3 Nf6 4. e3 Nc6 5. Bxc4 g6 6. d5 Na5 7. Bb5+ Bd7 8.
Qa4 b6 9. Bc6 Rb8 10. Nb5 Bxc6 11. dxc6 Ra8 12. Nf3 Nxc6 13. Nbd4 Nd7 14. Nxc6
Qc8 15. Nxa7 Qb7 16. Qb5 Rxa7 17. O-O Bg7 18. Rd1 Qc8 19. a3 O-O 20. Qxd7 Qa6
21. Nd4 c5 22. Nc6 Rxd7 23. Rxd7 Qa4 24. Bd2 Qxc6 25. Rd3 Bxb2 26. Rd1 c4 27.
Rc1 Bxc1 28. Rd4 Bxd2 29. Rxd2 Qc7 30. g3 Rd8 31. Rc2 Rd1+ 32. Kg2 Qc6+ 33. f3
c3 34. Kf2 Rd2+ 35. Rxd2 cxd2 36. Ke2 Qc1 0-1

[Event "Championnat de la Loire Open"]
[Site "Loire"]
[Date "2004.03.20"]
[Round "5.1"]
[White "Valet, Godeffroy"]
[Black "Gaillard, Pierre"]
[Result "1/2-1/2"]
[WhiteElo "1960"]
[BlackElo "1690"]
[PlyCount "73"]

1. e4 e6 2. d4 d5 3. exd5 exd5 4. Bd3 Bd6 5. Ne2 c6 6. O-O Ne7 7. Bf4 Bg4 8. f3
Bh5 9. c3 Bg6 10. Bxd6 Qxd6 11. Ng3 Bxd3 12. Qxd3 Qg6 13. Qxg6 hxg6 14. Nd2 Nd7
15. Rfe1 Kf8 16. Re2 Nf6 17. Rae1 Nf5 18. Nxf5 gxf5 19. Nb3 b6 20. Nc1 Re8 21.
Nd3 Rxe2 22. Rxe2 a5 23. Ne5 c5 24. dxc5 bxc5 25. Nc6 a4 26. Re5 g6 27. g3 Kg7
28. Re7 Re8 29. Rxe8 Nxe8 30. Ne7 Nc7 31. Nc8 Na8 32. Kf2 Kf6 33. Nd6 Nb6 34.
Nb7 Nd7 35. Ke3 Ke5 36. f4+ Ke6 37. Nd8+ 1/2-1/2

[Event "Championnat de la Loire Open"]
[Site "Loire"]
[Date "2004.03.20"]
[Round "5.2"]
[White "Vier, Serge"]
[Black "Barnes, Pierrick"]
[Result "1/2-1/2"]
[WhiteElo "1730"]
[BlackElo "1930"]
[PlyCount "55"]

1. d4 Nf6 2. c4 e6 3. Nf3 b6 4. g3 Bb7 5. Bg2 Be7 6. O-O O-O 7. Nc3 c5 8. d5 d6
9. dxe6 fxe6 10. Qc2 Qc8 11. Rd1 Na6 12. a3 Bc6 13. Nh4 Bxg2 14. Nxg2 Ng4 15.
f3 Nf6 16. Ne4 Qc6 17. Nxf6+ Bxf6 18. Nf4 Nc7 19. Rb1 a5 20. b3 Rfe8 21. Bb2
Bxb2 22. Qxb2 e5 23. Nd5 Rab8 24. Qd2 Nxd5 25. Qxd5+ Qxd5 26. Rxd5 Re6 27. Rbd1
Rd8 28. a4 1/2-1/2

[Event "Championnat de la Loire Open"]
[Site "Loire"]
[Date "2004.03.20"]
[Round "5.3"]
[White "Pareux, Marc"]
[Black "Roche, Marius"]
[Result "0-1"]
[WhiteElo "1540"]
[BlackElo "1700"]
[PlyCount "74"]

1. d4 g6 2. e4 Bg7 3. Nc3 d6 4. Be3 a6 5. a4 b6 6. f3 Bb7 7. Nh3 e6 8. Qd2 c5
9. Ne2 Nc6 10. c3 h5 11. Rd1 Qc7 12. Nc1 Nge7 13. Be2 Rd8 14. Nb3 Bc8 15. Nf2
O-O 16. Qc1 Na7 17. c4 Nac6 18. O-O Nb4 19. d5 exd5 20. exd5 Bd7 21. Bg5 Rde8
22. Ne4 Bxa4 23. Nf6+ Bxf6 24. Bxf6 Nf5 25. g4 Ne3 26. gxh5 Qd7 27. Rf2 Qf5 28.
Qc3 Nxd1 29. Bxd1 Na2 30. Bc2 Nxc3 31. Bxf5 Ne2+ 32. Kf1 Bxb3 33. Rg2 Nf4 34.
Rg4 Bxc4+ 35. Kf2 Re2+ 36. Kg3 Nxh5+ 37. Kh4 Nxf6 0-1

[Event "Championnat de la Loire Open"]
[Site "Loire"]
[Date "2004.03.20"]
[Round "5.4"]
[White "Gidon, Rene"]
[Black "Doran, Niall"]
[Result "0-1"]
[WhiteElo "1530"]
[BlackElo "1640"]
[PlyCount "76"]

1. e4 e6 2. d4 d5 3. Nc3 Bb4 4. e5 c5 5. Bb5+ Bd7 6. Bxd7+ Nxd7 7. Nf3 Qc7 8.
Bf4 Ne7 9. O-O Nf5 10. Ne2 cxd4 11. Nexd4 Nxd4 12. Qxd4 Bc5 13. Qd2 Qb6 14. c3
Rc8 15. Rad1 Be7 16. Rfe1 O-O 17. Qc2 f6 18. Nd4 f5 19. Nf3 Nc5 20. Bg5 Bxg5
21. Nxg5 Ne4 22. h4 h6 23. Nf3 Qd8 24. Qc1 Kf7 25. Rd3 Rg8 26. Nd4 Qxh4 27. Rf3
Qe7 28. Qf4 g5 29. Qh2 Rg6 30. Qh5 Kg7 31. Rxf5 Rf8 32. Rxf8 Qxf8 33. Qf3 Qxf3
34. gxf3 Nc5 35. Kg2 h5 36. Kg3 Kf7 37. f4 gxf4+ 38. Kxf4 Nd3+ 0-1

[Event "Championnat de la Loire Open"]
[Site "Loire"]
[Date "2004.03.20"]
[Round "5.5"]
[White "Volay, Pascal"]
[Black "Simon, Joel"]
[Result "0-1"]
[WhiteElo "1499"]
[BlackElo "1620"]
[PlyCount "80"]

1. c4 d6 2. e4 Nf6 3. Nc3 c5 4. d3 g6 5. Be2 Nc6 6. h3 Bg7 7. Nf3 O-O 8. Bg5
Rb8 9. Bxf6 Bxf6 10. Qd2 a6 11. Nd5 Bg7 12. a3 b5 13. Rb1 Re8 14. O-O bxc4 15.
dxc4 Bd7 16. Ne3 Qc8 17. b3 Ne5 18. Nxe5 Bxe5 19. Bg4 Bg7 20. Bxd7 Qxd7 21. f3
Qe6 22. Nd5 Rb7 23. Qa5 Bd4+ 24. Kh1 Reb8 25. b4 Qe5 26. Rfe1 Qf4 27. Rf1 e6
28. Nc7 Be5 29. Kg1 Qh2+ 30. Kf2 Bd4+ 31. Ke1 Qxg2 32. b5 Qc2 33. Rd1 Bc3+ 34.
Qxc3 Qxc3+ 35. Kf2 Rxc7 36. Rxd6 axb5 37. cxb5 Rxb5 38. Rfd1 Rb2+ 39. Kg3 Qc2
40. Rd8+ Kg7 0-1